000 00764nam a2200217Ia 4500
001 3192
003 GE_BSU
008 181216s||||||||xx |||||||||||||| ||und||
040 _cGE_BSU
080 _a502+504.054
100 _aБертокс,П. Радд,Д.
245 _aСтратегия защиты окружающей среды от загрязнений=Strategy of pollution control.
245 _cПод ред. Я.Б.Черткова.
250 _aПеревод с английского под ред. Я.Б.Черткова.
260 _aМ.
260 _bМир.
260 _c1980.
300 _a606 стр. 22 см.
653 _aСтратегия защиты окружающей среды от загрязнений.
942 _cBK
999 _c37233
_d37233